El control de la administración pública en la Era digital / (Record no. 1087)

MARC details
000 -LÍDER
Campo Fixo de Controle 00974nam a2200265 a 4500
001 - NÚMERO DE CONTROLE
Campo de Controle 1087
003 - IDENTIFICAÇÃO DO NÚMERO DE CONTROLE
Campo de Controle BR-CuiBMT
005 - DATA E HORA DA ÚLTIMA ATUALIZAÇÃO
Campo de Controle 20231129013604.0
008 - DADOS FIXOS
Dados Fixos 231128s2017 mgba 000 0 spa d
020 ## - INTERNATIONAL STANDARD BOOK NUMBER
Nº do ISBN 9788545004592
040 ## - AGÊNCIA CATALOGADORA
Código da Agência Catalogadora BR-CuiBMT
Agência que transcreveu o registro BR-CuiBMT
080 ## - Nº DA CLASSIFICAÇÃO DECIMAL UNIVERSAL
Nº Class. CDU 351.9:004
Nº edição CDU 2007
090 ## - NÚMERO DE CHAMADA
Nº classificação 351.9:004
Cutter C764
245 03 - TÍTULO PRINCIPAL
Título principal El control de la administración pública en la Era digital /
Indicação de responsabilidade Aroldo Cedraz de Oliveira, coordinador ; prefacio Juan Manuel Portal Martinez ; traducción Ana Helena Barbosa de Oliveira ... [et al.].
260 ## - PUBLICAÇÃO, DISTRIBUIÇÃO, ETC.
Local de publicação Belo Horizonte :
Editora Fórum,
Data 2017.
300 ## - DESCRIÇÃO FÍSICA
N. páginas ou volumes 470 p. :
Ilustrações il. color. ;
Dimensões 24 cm
650 ## - ASSUNTO TÓPICO
Cabeçalho tópico ou nome geográfico Administração pública
Subdivisão geral Controle
Subdivisão geográfica Brasil
650 ## - ASSUNTO TÓPICO
Cabeçalho tópico ou nome geográfico Gestão pública
Subdivisão geográfica Brasil
650 ## - ASSUNTO TÓPICO
Cabeçalho tópico ou nome geográfico Administração pública
Subdivisão geral História
650 ## - ASSUNTO TÓPICO
Cabeçalho tópico ou nome geográfico Controle externo
Subdivisão geográfica Brasil
650 ## - ASSUNTO TÓPICO
Cabeçalho tópico ou nome geográfico Administração pública
Subdivisão geral Inovação
650 ## - ASSUNTO TÓPICO
Cabeçalho tópico ou nome geográfico Governo eletrônico
700 1# - ENTRADA SECUNDÁRIA -- NOME PESSOAL
Nome pessoal Oliveira, Aroldo Cedraz de
Cód. do termo explicativo coord.
942 ## - ELEMENTOS DE ENTRADA ADICIONAIS (KOHA)
Fonte de classificação ou esquema de arquivamento Classificação Decimal Universal
Tipo de item do Koha Livros
Holdings
Estado: removido Estado: perdido Fonte de classificação ou esquema de arquivamento Estado: danificado Indisponível para empréstimo Localização permanente Localização atual Data de aquisição Total Checkouts Número de Chamada completo Código de barras Date last seen Número do exemplar Preço efetivo a partir de Tipo de item (Koha)
    Classificação Decimal Universal     Biblioteca da Escola Superior de Contas do TCE/MT Biblioteca da Escola Superior de Contas do TCE/MT 03/05/2019   351.9:004 C764 BIBTCEMT23111248 28/11/2023 Ex. 1 28/11/2023 Livros
    Classificação Decimal Universal     Biblioteca da Escola Superior de Contas do TCE/MT Biblioteca da Escola Superior de Contas do TCE/MT 03/05/2019   351.9:004 C764 BIBTCEMT23111249 28/11/2023 Ex. 2 28/11/2023 Livros

Powered by Koha